Kāvyenduprakāśaḥ. (Record no. 69672)

MARC details
000 -LEADER
fixed length control field 00687cam a22002531 4500
001 - CONTROL NUMBER
control field sa 66004913
003 - CONTROL NUMBER IDENTIFIER
control field DLC
005 - DATE AND TIME OF LATEST TRANSACTION
control field 20260227112245.0
008 - FIXED-LENGTH DATA ELEMENTS--GENERAL INFORMATION
fixed length control field 881028s1966 xx 000 0 hino
010 ## - LIBRARY OF CONGRESS CONTROL NUMBER
LC control number sa 66004913
035 ## - SYSTEM CONTROL NUMBER
System control number (OCoLC)23574175
040 ## - CATALOGING SOURCE
Original cataloging agency DLC
Transcribing agency MiU
Modifying agency DLC
042 ## - AUTHENTICATION CODE
Authentication code premarc
050 00 - LIBRARY OF CONGRESS CALL NUMBER
Classification number PK875
Item number .K34
100 2# - MAIN ENTRY--PERSONAL NAME
Personal name Kāmarāja Dīkṣita,
Dates associated with a name fl 1680-1720.
245 10 - TITLE STATEMENT
Title Kāvyenduprakāśaḥ.
260 ## - PUBLICATION, DISTRIBUTION, ETC.
Date of publication, distribution, etc. 1966.
300 ## - PHYSICAL DESCRIPTION
Extent 14, 72 p.
Dimensions 23 cm.
500 ## - GENERAL NOTE
General note Romanized.
650 #0 - SUBJECT ADDED ENTRY--TOPICAL TERM
Topical term or geographic name entry element Sanskrit language
General subdivision Versification.
700 1# - ADDED ENTRY--PERSONAL NAME
Personal name Śukla, Bābūlāla.
Relator term ed.
740 0# - ADDED ENTRY--UNCONTROLLED RELATED/ANALYTICAL TITLE
Uncontrolled related/analytical title Kāvyendu prakāśa.
830 #0 - SERIES ADDED ENTRY--UNIFORM TITLE
Uniform title Caukhambā-Saṃskr̥ta-granthamālā.
Volume/sequential designation 100.

No items available.

Powered by Koha